Những câu tiếng Anh giao tiếp cơ bản

Guardat en:
Dades bibliogràfiques
Format: Llibre
Etiquetes: Afegir etiqueta
Sense etiquetes, Sigues el primer a etiquetar aquest registre!
Thư viện lưu trữ: Mạng thư viện Đại học Đà Nẵng
LEADER 00441nam a22001691a 4500
001 000037268
003 13563
005 20160412020322.0
008 160412s0 000
082 |a 4A(07)230 
245 |a Những câu tiếng Anh giao tiếp cơ bản  |c Nguyễn Thành Yến 
OWN |a LNN 
999 |a From the UDN01 
TYP |a Monograph 
980 |a Mạng thư viện Đại học Đà Nẵng